000 01373nam a2200205Ia 4500
001 a1788-44629
003 IT-MiCISF
008 161014s9999||||xx |||||||||||||| ||und||
040 _aIT-MiCISF
_cIT-MiCISF
041 _ait
100 _aPelàez Michelangelo
245 0 _aL'arte del vivere bene
_bBeni, virtù, norme
250 _a1a ed.
260 _a Milano
_bEdizioni Ares
_c2007
300 _app. 304
500 _a / sviluppo-morale, etica, comportamento, stile-di-vita, norme-morali / L'etica appare oggi schiacciata tra lo sviluppo della scienza e il progresso tecnologico, rimuovendo le domande etico-antropologiche per eccellenza: chi sono io? a chi appartengo? quale modo di vivere è migliore e degno dell'uomo? Dalle risposte date a tali interrogativi dipende la comprensione piena dell'uomo in quanto soggetto morale. Lungo un itinerario che dalla grecità giunge ai nostri giorni, l'A. - sacerdote, studioso di etica giuridica - indaga e spiega, con particolare richiamo al mondo dell'università e delle professioni, le condizioni perché la vita umana, nella densità di tutte le sue espressioni pubbliche e private, possa essere una vita riuscita, una vita felice. Non è infatti il vivere da tenere in alto conto, bensì il vivere bene.
650 _a Genitorialità e problemi educativi / morale
_e004
942 _cBK
957 _71
999 _a44629
_bsi
_g1
_c217410
_d217410